| 000 | 00387nam a2200157Ia 4500 | ||
|---|---|---|---|
| 003 | OSt | ||
| 005 | 20260302161717.0 | ||
| 008 | 230105s9999||||xx |||||||||||||| ||und|| | ||
| 040 | _cChuka University Library | ||
| 050 |
_aPL 8704 _bK4N3 2011 |
||
| 100 |
_aKEZILAHABI.E _94073 |
||
| 245 | 0 | _aNagona | |
| 260 |
_aNairobi _bVide Muwa Publishers _c2011 |
||
| 300 | _a112p | ||
| 942 |
_cBK _02 _2lcc |
||
| 999 |
_c6484 _d6484 |
||